The complete poetry and prose of William Blake (Record no. 25829)
[ view plain ]
| 000 -LEADER | |
|---|---|
| fixed length control field | 00461nam a2200169Ia 4500 |
| 005 - DATE AND TIME OF LATEST TRANSACTION | |
| control field | 20250703103915.0 |
| 008 - FIXED-LENGTH DATA ELEMENTS--GENERAL INFORMATION | |
| fixed length control field | 231207s9999 xx 000 0 und d |
| 020 ## - INTERNATIONAL STANDARD BOOK NUMBER | |
| International Standard Book Number | 9780520044739 |
| 040 ## - CATALOGING SOURCE | |
| Transcribing agency | PK-LaNCA |
| 082 ## - DEWEY DECIMAL CLASSIFICATION NUMBER | |
| Classification number | MPH 821 |
| Item number | BLA |
| 100 ## - MAIN ENTRY--PERSONAL NAME | |
| Author Name | Blake, William |
| 245 #4 - TITLE STATEMENT | |
| Title | The complete poetry and prose of William Blake |
| 260 ## - PUBLICATION, DISTRIBUTION, ETC. | |
| Name of publisher, distributor, etc. | University of California Press |
| Place of publication, distribution, etc. | Berkeley |
| Date of publication, distribution, etc. | 1982 |
| 300 ## - PHYSICAL DESCRIPTION | |
| Pages | xxvi, 990p |
| 650 ## - SUBJECT ADDED ENTRY--TOPICAL TERM | |
| Subject | English poetry |
| 942 ## - ADDED ENTRY ELEMENTS (KOHA) | |
| Koha item type | M. Phil. |
| 999 ## - | |
| -- | 25829 |
| -- | 25829 |
| Withdrawn status | Weedout from Library | Permanent Location | Current Location | Shelving location | Date acquired | Full call number | Barcode | Price effective from | Koha item type |
|---|---|---|---|---|---|---|---|---|---|
| NATIONAL COLLEGE OF ARTS, LAHORE - LIBRARY | NATIONAL COLLEGE OF ARTS, LAHORE - LIBRARY | M.Phil Section Basement of Library | 08/12/2023 | MPH 821 BLA 30215 | 30215 | 08/12/2023 | M. Phil. |